RealTime PCR – technika na detekciu expresie proteínov a merania polymerázových aktivít
Salvato in:
| Autore principale: | |
|---|---|
| Altri autori: | |
| Natura: | Manoscritto Libro |
| Lingua: | slovacco |
| Pubblicazione: |
2025
|
| Soggetti: | |
| Accesso online: | http://is.stuba.sk/zp/portal_zp.pl?podrobnosti=183541 |
| Tags: |
Nessun Tag, puoi essere il primo ad aggiungerne!!
|
MARC
| LEADER | 00000ntm a22000003a 4500 | ||
|---|---|---|---|
| 001 | stuzp104788 | ||
| 003 | SK-STU | ||
| 005 | 20250607210830.1 | ||
| 007 | ta | ||
| 008 | 150427s2015----xo-----f-mn---000-0-slo-d | ||
| 040 | |a STU |b slo | ||
| 041 | 0 | |a slo | |
| 100 | 1 | |a Kintlerová, Emma |u 044000 |4 aut |U FCHPT Fakulta chemickej a potravinárskej technológie |T FCHPT Ústav biotechnológie |X 104788 |U C4000 |Y 102 |7 104788 | |
| 242 | 0 | 1 | |a RealTime PCR – a technique for detecting protein expression and measuring polymerase activities |y eng |
| 245 | 1 | 0 | |a RealTime PCR – technika na detekciu expresie proteínov a merania polymerázových aktivít |
| 260 | |c 2025 | ||
| 650 | 4 | |a RNA-dependent RNA polymerase |2 eng | |
| 650 | 4 | |a gene expression |2 eng | |
| 650 | 4 | |a relative quantification |2 eng | |
| 650 | 4 | |a RT-qPCR |2 eng | |
| 650 | 4 | |a PCR |2 eng | |
| 650 | 4 | |a recombinant proteins |2 eng | |
| 650 | 4 | |a rekombinantné proteíny |2 slo | |
| 650 | 4 | |a génová expresia |2 slo | |
| 650 | 4 | |a relatívna kvantifikácia |2 slo | |
| 650 | 4 | |a RT-qPCR |2 slo | |
| 650 | 4 | |a PCR |2 slo | |
| 650 | 4 | |a RNA-dependentná RNA polymeráza |2 slo | |
| 700 | 1 | |a Rebroš, Martin |u 044000 |k Z1 |4 ths |U FCHPT Fakulta chemickej a potravinárskej technológie |T FCHPT Ústav biotechnológie |X 4015 |U C4000 |Y 102 |7 A000004015 | |
| 856 | 4 | |u http://is.stuba.sk/zp/portal_zp.pl?podrobnosti=183541 | |